000
00309nam a2200133Ia 4500
005
20260328101522.0
008
260328s9999||||xx |||||||||||||| ||und||
100
_a
Voigt, Wolfgang
245
0
_a
Gottfried Bohm /
_c
Wolfgang Voigt
260
_b
Jovis
300
_a
272 p.
650
_a
ARQUITECTOS
942
_c
BK
999
_c
9631
_d
9631